<?xml version="1.0" encoding="UTF-8"?><?xml-stylesheet type="text/xsl" href="static/style.xsl"?><OAI-PMH xmlns="http://www.openarchives.org/OAI/2.0/" xmlns:xsi="http://www.w3.org/2001/XMLSchema-instance" xsi:schemaLocation="http://www.openarchives.org/OAI/2.0/ http://www.openarchives.org/OAI/2.0/OAI-PMH.xsd"><responseDate>2026-04-17T14:45:43Z</responseDate><request verb="GetRecord" identifier="oai:www.recercat.cat:2099.1/19515" metadataPrefix="marc">https://recercat.cat/oai/request</request><GetRecord><record><header><identifier>oai:recercat.cat:2099.1/19515</identifier><datestamp>2025-07-23T05:34:39Z</datestamp><setSpec>com_2072_1033</setSpec><setSpec>col_2072_452951</setSpec></header><metadata><record xmlns="http://www.loc.gov/MARC21/slim" xmlns:dcterms="http://purl.org/dc/terms/" xmlns:xsi="http://www.w3.org/2001/XMLSchema-instance" xmlns:doc="http://www.lyncode.com/xoai" xsi:schemaLocation="http://www.loc.gov/MARC21/slim http://www.loc.gov/standards/marcxml/schema/MARC21slim.xsd">
   <leader>00925njm 22002777a 4500</leader>
   <datafield ind2=" " ind1=" " tag="042">
      <subfield code="a">dc</subfield>
   </datafield>
   <datafield ind2=" " ind1=" " tag="720">
      <subfield code="a">Segura Angeles, Priscilla</subfield>
      <subfield code="e">author</subfield>
   </datafield>
   <datafield ind2=" " ind1=" " tag="260">
      <subfield code="c">2012-05-18</subfield>
   </datafield>
   <datafield ind2=" " ind1=" " tag="520">
      <subfield code="a">El presente proyecto consiste en el diseño un sistema de recogida de aguas pluviales y&#xd;
residuales, con la finalidad de mejorar la calidad de vida de la población del barrio de San  Miguel, ubicado en la ciudad de Santo Domingo.La principal actividad para la ejecución del proyecto fue de la recopilación de los datos&#xd;
necesarios, sin obviar el hecho que la normativa a utilizar difería con la implantada en España.Por ello en los siguientes documentos se hace referencia a todos estos aspectos considerados.&#xd;
Una vez identificados todos los datos de campo, se procedió al cálculo y diseño de la mejor&#xd;
opción para dar solución a las problemáticas halladas. De manera que se determino que las&#xd;
mejores opciones eran la realización de una Red de Recogida de Aguas Pluviales (RRAP) que&#xd;
siguiera un perfil longitudinal escalonado, y una Red Simplificada de Aguas Residuales (RSAR)&#xd;
que como muy bien explica el nombre, se trata de una red que es de mejor implantación en&#xd;
medios subdesarrollados, como la zona donde se ubica el proyecto.&#xd;
Al finalizar el dimensionamiento se concluyo que la posible ejecución real de la propuesta&#xd;
diseñada seria un buen paso para el desarrollo del barrio de San Miguel y de esta forma&#xd;
mejorar la calidad de vida de los residentes, objetivo primordial en la concepción de este&#xd;
proyecto.</subfield>
   </datafield>
   <datafield tag="653" ind2=" " ind1=" ">
      <subfield code="a">Àrees temàtiques de la UPC::Enginyeria civil::Enginyeria hidràulica, marítima i sanitària::Enginyeria  sanitària</subfield>
   </datafield>
   <datafield tag="653" ind2=" " ind1=" ">
      <subfield code="a">Sewage--Purification -- Santo Domingo (Dominican Republic)</subfield>
   </datafield>
   <datafield tag="653" ind2=" " ind1=" ">
      <subfield code="a">Aigües residuals--Depuració -- Santo Domingo (República Dominicana)</subfield>
   </datafield>
   <datafield ind2="0" ind1="0" tag="245">
      <subfield code="a">Sistema de recogida y tratamiento de aguas residuales y pluviales en el barrio de San Miguel en la ciudad de Santo Domingo (República Dominicana)</subfield>
   </datafield>
</record></metadata></record></GetRecord></OAI-PMH>